000 01113nam a22003377a 4500
001 BR0303476
003 BR-BrBNA
005 20230928101327.0
007 ta
008 230509b bl.||||| |||| 00| 0 por d
040 _aBR-BrBNA
_bpor
_cBiblioteca Nacional de Agricultura
041 _a(Por)
072 _aE14; E71
090 _ E14 BR0303476
100 1 _aSarquis, A.(org.)
110 1 _aBanco do Nordeste do Brasil, Fortaleza, CE (Brasil)
_91130
111 1 _a3º Encontro Internacional Agropolos como Estratégia de Desenvolvimento
_cFortaleza, CE (Brazil)
_d29-30 Nov 2001
245 1 _a3º Encontro Internacional Agropolos como Estratégia de Desenvolvimento; anais
260 3 _aFortaleza, CE (Brasil):
_c2001.
300 _a328 p.
500 _a43 illus.; 14 tables
650 _aAGRIBUSINESS
650 _aINDÚSTRIA AGRÍCOLA
650 _aEXPORTAÇÃO
650 _aPOLÍTICA DE DESENVOLVIMENTO
650 _aDESENVOLVIMENTO SÓCIO-ECONÔMICO
650 _aPROJETO DE DESENVOLVIMENTO
650 _aADOÇÃO DE INOVAÇÕES
909 _a202309
_bLucia
_c55
_dLucia Elande
942 _cBK
999 _c65277
_d65277